| 000 | 00559nam a2200181Ia 4500 | ||
|---|---|---|---|
| 003 | GCL | ||
| 008 | 140319s9999 xx 000 0 ara d | ||
| 040 |
_aGCL / _cGCL |
||
| 082 | 0 | 4 |
_a428 _bج ص |
| 100 | 1 | _aجورج مدبك | |
| 245 | 1 | 0 |
_aصناعة الترجمة كيف تترجم بحثا او رسالة من الانجليزيةالى العربية / _cجورج مدبك |
| 300 | _a120 ص | ||
| 490 |
_a100 قصة _v0 |
||
| 650 | 0 | 4 | _aالترجمة |
| 650 | 0 | 4 | _aاللغة الانجليزية |
| 650 | 0 | 4 | _aفن الترجمة |
| 942 |
_2ddc _cBK |
||
| 999 |
_c44045 _d44045 |
||